000 00281nam a2200133Ia 4500
100 _aDanilevsky/V
942 _cBK
654 _aManufacturing
245 _aManufacturing Engineering
260 _bMir Publishers
_c1973
082 _a621.9
300 _a550
546 _aENGLISH
999 _c26996
_d26996